|
|
|
|
| LEADER |
00000nkm a2200000 a 4500 |
| 001 |
vtls011633310 |
| 003 |
SK-MaSNL |
| 005 |
20260331210752.0 |
| 007 |
kf bo |
| 008 |
181005q1920 xo g 00 kuslo |
| 015 |
|
|
|a SNBG
|
| 040 |
|
|
|a SNK
|b slo
|c SNK
|e AACR2
|
| 041 |
0 |
|
|a slo
|
| 043 |
|
|
|a e-xo---
|
| 044 |
|
|
|a xo
|c SK
|
| 080 |
|
|
|a 726:27-523.42
|2 2011
|
| 080 |
|
|
|a 913(437.6)
|2 2011
|
| 080 |
|
|
|a (084.121)
|2 2011
|
| 080 |
|
|
|a 76
|2 2011
|
| 100 |
1 |
|
|a Alexy, Janko,
|d 1894-1970
|4 art
|9 103027
|
| 245 |
1 |
0 |
|a Janko Alexy: Kostol v Turanoch (Turčianska župa)
|h grafika
|
| 246 |
3 |
0 |
|a Kostol v Turanoch (Turčianska župa)
|
| 260 |
|
|
|a Bratislava
|b Mladé Slovensko
|a Praha
|b Detvan
|c [1920?]
|e [Praha]-Smíchov
|f V. Neubert
|
| 300 |
|
|
|a 1 pohľadnica
|b čiernobiela
|c 9 x 14 cm
|
| 520 |
8 |
|
|a Zobrazenie: reprodukcia kresby Kostola sv. Gála v Turanoch
|
| 650 |
0 |
7 |
|a grafika
|2 SNKPH
|9 814
|
| 650 |
0 |
7 |
|a kostoly
|2 SNKPH
|9 3023
|
| 651 |
|
7 |
|a Turany (Slovensko)
|2 SNKPH
|9 73087
|
| 651 |
|
7 |
|a Martin (Slovensko : okres)
|2 SNKPH
|9 73088
|
| 655 |
|
7 |
|a miestne pohľadnice
|2 SNKPH
|9 70510
|
| 655 |
|
7 |
|a pohľadnice umeleckých diel
|2 SNKPH
|9 81593
|
| 958 |
|
|
|a GC
|
| 958 |
|
|
|a OND
|
| 958 |
|
|
|a GBN
|
| 999 |
|
|
|c 854875
|d 856805
|
| 952 |
|
|
|a SNK
|b SNK
|y PREZ
|7 0
|p 17A0119768
|o snkSP 25190
|0 0
|1 0
|4 0
|d 2017-05-29
|f 1
|l 0
|r 2026-02-24 04:53:37
|w 2026-02-24
|